Từ điển văn hóa gia đình
Zapisane w:
| 1. autor: | |
|---|---|
| Format: | Książka |
| Język: | Undetermined |
| Wydane: |
H.
VHTT
1999
|
| Hasła przedmiotowe: | |
| Etykiety: |
Dodaj etykietę
Nie ma etykietki, Dołącz pierwszą etykiete!
|
| Thư viện lưu trữ: | Trung tâm Học liệu Trường Đại học Cần Thơ |
|---|
| LEADER | 00490nam a2200181Ia 4500 | ||
|---|---|---|---|
| 001 | CTU_52093 | ||
| 008 | 210402s9999 xx 000 0 und d | ||
| 020 | |b 84000 | ||
| 082 | |a 306.85 | ||
| 082 | |b T550 | ||
| 100 | |a Huỳnh Thị Dung ...[et al.] | ||
| 245 | 0 | |a Từ điển văn hóa gia đình | |
| 245 | 0 | |c Huỳnh Thị Dung ...[et al.] | |
| 260 | |a H. | ||
| 260 | |b VHTT | ||
| 260 | |c 1999 | ||
| 650 | |a family life | ||
| 980 | |a Trung tâm Học liệu Trường Đại học Cần Thơ | ||